Introduction to Computation and Programming using Python (with Application to Understanding Data (Record no. 59571)

MARC details
000 -LEADER
fixed length control field 00470nam a2200169Ia 4500
008 - FIXED-LENGTH DATA ELEMENTS--GENERAL INFORMATION
fixed length control field 230524s9999 xx 000 0 und d
020 ## - INTERNATIONAL STANDARD BOOK NUMBER
ISBN 9788120352926
082 ## - DEWEY DECIMAL CLASSIFICATION NUMBER
Classification number 5.1
Item number GUT
100 ## - MAIN ENTRY--AUTHOR NAME
Personal name John V.Guttag
245 #0 - TITLE STATEMENT
Title Introduction to Computation and Programming using Python (with Application to Understanding Data
250 ## - EDITION STATEMENT
Edition statement 2
260 ## - PUBLICATION, DISTRIBUTION, ETC. (IMPRINT)
Place of publication Delhi
Name of publisher PHI
Year of publication 2016
300 ## - PHYSICAL DESCRIPTION
Number of Pages "XI,447p;"
500 ## - GENERAL NOTE
General note Quantity Number: 1
650 ## - SUBJECT ADDED ENTRY--TOPICAL TERM
Topical Term Comp.Sc
942 ## - ADDED ENTRY ELEMENTS (KOHA)
Koha item type Books
Holdings
Lost status Damaged status Permanent Location Current Location Shelving location Date acquired Full call number Accession Number Koha item type
    Central Library, Trident Academy of Technology Central Library, Trident Academy of Technology General Stacks 05/24/2023 005.1 GUT 57475 Books
Trident Academy of Technology © 2023.
All rights reserved.                                                                                                                                                                                                        Designed by Team of Central Library .

Powered by Koha